Pagbasa at pagsulat sa iba't ibang disiplina / (Record no. 80817)
[ view plain ]
| 000 -LEADER | |
|---|---|
| fixed length control field | 00842nam a2200253 i 4500 |
| 003 - CONTROL NUMBER IDENTIFIER | |
| control field | URS |
| 005 - DATE AND TIME OF LATEST TRANSACTION | |
| control field | 20241009232001.0 |
| 008 - FIXED-LENGTH DATA ELEMENTS--GENERAL INFORMATION | |
| fixed length control field | 020101b xxu||||| |||| 00| 0 eng d |
| 020 ## - INTERNATIONAL STANDARD BOOK NUMBER | |
| International Standard Book Number | 971-42-0333-3 |
| 040 ## - CATALOGING SOURCE | |
| Language of cataloging | Tagalog |
| Description conventions | rda |
| Transcribing agency | URS |
| 050 00 - LIBRARY OF CONGRESS CALL NUMBER | |
| Classification number | PL6055 |
| Item number | .P14r 2003 |
| 245 00 - TITLE STATEMENT | |
| Title | Pagbasa at pagsulat sa iba't ibang disiplina / |
| Statement of responsibility, etc | Felisa Moratilla-Recorba...[and three others]. |
| 260 ## - PUBLICATION, DISTRIBUTION, ETC. (IMPRINT) | |
| Place of publication, distribution, etc | Bulacan : |
| Name of publisher, distributor, etc | Trinitas Publishing, |
| Date of publication, distribution, etc | ©2003. |
| 300 ## - PHYSICAL DESCRIPTION | |
| Extent | 233 pages. |
| Dimensions | 25 cm. |
| 336 ## - CONTENT TYPE | |
| Content type term | text |
| Content type code | txt |
| Source | rdacontent |
| 337 ## - MEDIA TYPE | |
| Media type term | unmediated |
| Media type code | n |
| Source | rdamedia |
| 338 ## - CARRIER TYPE | |
| Carrier type term | volume |
| Carrier type code | nc |
| Source | rdacarrier |
| 650 ## - SUBJECT ADDED ENTRY--TOPICAL TERM | |
| Topical term or geographic name as entry element | Filipino language |
| General subdivision | Study and teaching. |
| 700 ## - ADDED ENTRY--PERSONAL NAME | |
| Personal name | Recorba, Felisa Moratilla, |
| Relator term | author. |
| 9 (RLIN) | 6034 |
| 700 ## - ADDED ENTRY--PERSONAL NAME | |
| Personal name | Nacin, Anita Arabejo, |
| Relator term | author. |
| 9 (RLIN) | 6035 |
| 700 ## - ADDED ENTRY--PERSONAL NAME | |
| Personal name | Lartec, Jane Kibla., |
| Relator term | author. |
| 9 (RLIN) | 714 |
| 942 ## - ADDED ENTRY ELEMENTS (KOHA) | |
| Source of classification or shelving scheme | Dewey Decimal Classification |
| Koha item type | Filipiniana |
| Withdrawn status | Lost status | Source of classification or shelving scheme | Damaged status | Not for loan | Collection code | Home library | Current library | Shelving location | Date acquired | Source of acquisition | Total Checkouts | Full call number | Barcode | Date last seen | Copy number | Koha item type |
|---|---|---|---|---|---|---|---|---|---|---|---|---|---|---|---|---|
| Library of Congress Classification | Non-fiction | Taytay College Library | Taytay College Library | Filipiniana Section | 10/21/2021 | Purchased | PL6055 .P14r 2003 | URSTAY-393 | 06/02/2025 | 1 | Filipiniana | |||||
| Library of Congress Classification | Non-fiction | Taytay College Library | Taytay College Library | Filipiniana Section | 10/21/2021 | Purchased | PL6055 .P14r 2003 | URSTAY-394 | 06/02/2025 | 2 | Filipiniana | |||||
| Library of Congress Classification | Non-fiction | Taytay College Library | Taytay College Library | Filipiniana Section | 10/21/2021 | Purchased | PL6055 .P14r 2003 | URSTAY-395 | 06/02/2025 | 3 | Filipiniana | |||||
| Library of Congress Classification | Non-fiction | Taytay College Library | Taytay College Library | Filipiniana Section | 10/21/2021 | Purchased | PL6055 .P14r 2003 | URSTAY-396 | 06/02/2025 | 4 | Filipiniana | |||||
| Library of Congress Classification | Non-fiction | Taytay College Library | Taytay College Library | Filipiniana Section | 10/21/2021 | Purchased | PL6055 .P14r 2003 | URSTAY-397 | 06/02/2025 | 5 | Filipiniana | |||||
| Library of Congress Classification | Non-fiction | Taytay College Library | Taytay College Library | Filipiniana Section | 10/21/2021 | Purchased | PL6055 .P14r 2003 | URSTAY-398 | 06/02/2025 | 6 | Filipiniana | |||||
| Library of Congress Classification | Non-fiction | Taytay College Library | Taytay College Library | Filipiniana Section | 10/21/2021 | Purchased | PL6055 .P14r 2003 | URSTAY-399 | 06/02/2025 | 7 | Filipiniana | |||||
| Library of Congress Classification | Non-fiction | Taytay College Library | Taytay College Library | Filipiniana Section | 10/21/2021 | Purchased | PL6055 .P14r 2003 | URSTAY-400 | 06/02/2025 | 8 | Filipiniana | |||||
| Library of Congress Classification | Non-fiction | Taytay College Library | Taytay College Library | Filipiniana Section | 10/21/2021 | Purchased | PL6055 .P14r 2003 | URSTAY-401 | 06/02/2025 | 9 | Filipiniana | |||||
| Library of Congress Classification | Non-fiction | Taytay College Library | Taytay College Library | Filipiniana Section | 10/21/2021 | Purchased | PL6055 .P14r 2003 | URSTAY-402 | 06/02/2025 | 10 | Filipiniana | |||||
| Library of Congress Classification | Non-fiction | Taytay College Library | Taytay College Library | Filipiniana Section | 10/21/2021 | Purchased | PL6055 .P14r 2003 | URSTAY-403 | 06/02/2025 | 11 | Filipiniana | |||||
| Library of Congress Classification | Non-fiction | Taytay College Library | Taytay College Library | Filipiniana Section | 10/21/2021 | Purchased | PL6055 .P14r 2003 | URSTAY-404 | 06/02/2025 | 12 | Filipiniana | |||||
| Library of Congress Classification | Non-fiction | Taytay College Library | Taytay College Library | Filipiniana Section | 10/21/2021 | Purchased | PL6055 .P14r 2003 | URSTAY-405 | 06/02/2025 | 13 | Filipiniana | |||||
| Library of Congress Classification | Non-fiction | Taytay College Library | Taytay College Library | Filipiniana Section | 10/21/2021 | Purchased | PL6055 .P14r 2003 | URSTAY-406 | 06/02/2025 | 14 | Filipiniana | |||||
| Library of Congress Classification | Non-fiction | Taytay College Library | Taytay College Library | Filipiniana Section | 10/21/2021 | Purchased | PL6055 .P14r 2003 | URSTAY-407 | 06/02/2025 | 15 | Filipiniana | |||||
| Library of Congress Classification | Non-fiction | Taytay College Library | Taytay College Library | Filipiniana Section | 10/21/2021 | Purchased | PL6055 .P14r 2003 | URSTAY-408 | 06/02/2025 | 16 | Filipiniana | |||||
| Library of Congress Classification | Non-fiction | Taytay College Library | Taytay College Library | Filipiniana Section | 10/21/2021 | Purchased | PL6055 .P14r 2003 | URSTAY-409 | 06/02/2025 | 17 | Filipiniana | |||||
| Library of Congress Classification | Non-fiction | Taytay College Library | Taytay College Library | Filipiniana Section | 10/21/2021 | Purchased | PL6055 .P14r 2003 | URSTAY-410 | 06/02/2025 | 18 | Filipiniana | |||||
| Library of Congress Classification | Non-fiction | Taytay College Library | Taytay College Library | Filipiniana Section | 10/21/2021 | Purchased | PL6055 .P14r 2003 | URSTAY-411 | 06/02/2025 | 19 | Filipiniana | |||||
| Library of Congress Classification | Non-fiction | Taytay College Library | Taytay College Library | Filipiniana Section | 10/21/2021 | Purchased | PL6055 .P14r 2003 | URSTAY-412 | 06/02/2025 | 20 | Filipiniana | |||||
| Library of Congress Classification | Non-fiction | Taytay College Library | Taytay College Library | Filipiniana Section | 10/21/2021 | Purchased | PL6055 .P14r 2003 | URSTAY-413 | 06/02/2025 | 21 | Filipiniana |